<?xml version="1.0" encoding="UTF-8"?>
<record
    xmlns:xsi="http://www.w3.org/2001/XMLSchema-instance"
    xsi:schemaLocation="http://www.loc.gov/MARC21/slim http://www.loc.gov/standards/marcxml/schema/MARC21slim.xsd"
    xmlns="http://www.loc.gov/MARC21/slim">

  <leader>01134    a2200229   4500</leader>
  <controlfield tag="005">20080909170122.0</controlfield>
  <controlfield tag="008">080909t        xxu||||| |||| 00| 0 hin d</controlfield>
  <datafield tag="010" ind1=" " ind2=" ">
    <subfield code="a">HIN-79366</subfield>
  </datafield>
  <datafield tag="020" ind1=" " ind2=" ">
    <subfield code="c">60.00</subfield>
    <subfield code="a">8187364238</subfield>
  </datafield>
  <datafield tag="035" ind1=" " ind2=" ">
    <subfield code="a">HN-51712</subfield>
  </datafield>
  <datafield tag="037" ind1=" " ind2=" ">
    <subfield code="b">D. B. Act. / pub</subfield>
  </datafield>
  <datafield tag="082" ind1=" " ind2=" ">
    <subfield code="a">306.095421</subfield>
  </datafield>
  <datafield tag="100" ind1=" " ind2=" ">
    <subfield code="a">&#x905;&#x916;&#x93F;&#x932;&#x947;&#x936;, &#x90F;&#x938;.</subfield>
  </datafield>
  <datafield tag="245" ind1=" " ind2=" ">
    <subfield code="a">&#x930;&#x940;&#x935;&#x93E; &#x926;&#x930;&#x94D;&#x936;&#x928;&#x903;&#x92C;&#x918;&#x947;&#x932;&#x916;&#x923;&#x94D;&#x921; &#x915;&#x940; &#x938;&#x92E;&#x94D;&#x92A;&#x942;&#x930;&#x94D;&#x923; &#x91C;&#x93E;&#x928;&#x915;&#x93E;&#x930;&#x940;</subfield>
    <subfield code="c">&#x90F;&#x938;.&#x905;&#x916;&#x93F;&#x932;&#x947;&#x936;</subfield>
  </datafield>
  <datafield tag="246" ind1=" " ind2=" ">
    <subfield code="a">Rewa Darshan</subfield>
    <subfield code="b">S.Akhilesh</subfield>
  </datafield>
  <datafield tag="250" ind1=" " ind2=" ">
    <subfield code="a">2&#x930;&#x93E; &#x938;&#x902;&#x938;&#x94D;&#x915;</subfield>
  </datafield>
  <datafield tag="260" ind1=" " ind2=" ">
    <subfield code="a">&#x930;&#x940;&#x935;&#x93E;</subfield>
    <subfield code="b">&#x917;&#x93E;&#x92F;&#x924;&#x94D;&#x930;&#x940; &#x92A;&#x92C;&#x94D;&#x932;&#x93F;&#x915;&#x947;&#x936;&#x928;&#x94D;&#x938;</subfield>
    <subfield code="c">2007</subfield>
  </datafield>
  <datafield tag="270" ind1=" " ind2=" ">
    <subfield code="a">41/42 &#x930;&#x918;&#x935;&#x902;&#x936; &#x938;&#x926;&#x928;, &#x936;&#x93E;&#x928;&#x94D;&#x924;&#x93F; &#x915;&#x941;&#x902;&#x91C; &#x92C;&#x93F;&#x91B;&#x93F;&#x92F;&#x93E;</subfield>
    <subfield code="b">&#x930;&#x940;&#x935;&#x93E;</subfield>
    <subfield code="k">07662-236722</subfield>
  </datafield>
  <datafield tag="300" ind1=" " ind2=" ">
    <subfield code="a">164&#x92A;&#x943;</subfield>
    <subfield code="c">22 &#x938;&#x947;&#x92E;&#x940; (&#x938;&#x91C;&#x93F;&#x932;&#x94D;&#x926;)</subfield>
  </datafield>
  <datafield tag="942" ind1=" " ind2=" ">
    <subfield code="a">dpl</subfield>
    <subfield code="c">HN</subfield>
    <subfield code="k">306.095421 / &#x905;&#x916;&#x93F;&#x932;&#x947;</subfield>
    <subfield code="2">ddc</subfield>
    <subfield code="h">306.095421</subfield>
    <subfield code="m">&#x905;&#x916;&#x93F;&#x932;&#x947;</subfield>
  </datafield>
  <datafield tag="999" ind1=" " ind2=" ">
    <subfield code="c">1630</subfield>
    <subfield code="d">1630</subfield>
  </datafield>
  <datafield tag="952" ind1=" " ind2=" ">
    <subfield code="0">0</subfield>
    <subfield code="1">0</subfield>
    <subfield code="4">0</subfield>
    <subfield code="7">0</subfield>
    <subfield code="a">DBAD</subfield>
    <subfield code="b">DBAD</subfield>
    <subfield code="d">2008-09-09</subfield>
    <subfield code="g">60.00</subfield>
    <subfield code="l">0</subfield>
    <subfield code="o">306.095421 &#x905;&#x916;&#x93F;&#x932;&#x947;</subfield>
    <subfield code="p">HN-51712</subfield>
    <subfield code="r">2008-09-15 00:00:00</subfield>
    <subfield code="t">1</subfield>
    <subfield code="u">1712</subfield>
    <subfield code="v">60.00</subfield>
    <subfield code="w">2008-09-15</subfield>
    <subfield code="y">HN</subfield>
  </datafield>
</record>
